000 00721cam a2200241 4500
008 090401t1988 xxu||||| |||| 00| 0 eng d
020 _a0632018267
035 _a(Sirsi) u18999
041 0 _aeng
050 0 4 _a624.03 $2 18
100 1 _aMcCaffrey, Richard G.
245 0 0 _aCESMM2 in practice
250 _a2nd ed.
260 _aOxford
_bBSP Professional Books
_c1988
300 _a299p.
_bill.
_c30cm.
350 _a21.50
650 2 4 _aCIVIL ENGINEERING STANDARD METHOD OF MEASUREMENT (SECOND EDITION)
650 _aBUILT ENVIRONMENT-QUANTITY SURVEYING-CIVIL ENGINEERING STANDARD METHOD OF MEASUREMENT
651 4 _aUnited Kingdom
_y
700 1 _aMcCaffrey, Michael J
942 _n0
948 _c04/03/1997
999 _c87642
_d87642